[Event "Skakliga 2007-08"]
[Site "Denmark"]
[Date "2008.02.03"]
[Round "6.3"]
[White "Sorensen, Jan"]
[Black "Rath, Ulrik"]
[Result "1/2-1/2"]
[WhiteElo "2423"]
[BlackElo "2316"]
[PlyCount "99"]
[EventDate "2007.11.10"]
[EventType "team-tourn"]
[EventRounds "9"]
[EventCountry "DEN"]
[Source "ChessBase"]
[SourceDate "2003.11.25"]
[WhiteTeam "Aarhus/Skolerne"]
[BlackTeam "Sydostfyn"]
[WhiteTeamCountry "DEN"]
[BlackTeamCountry "DEN"]

1. e4 c5 2. Nf3 Nc6 3. Bb5 e6 4. O-O Nge7 5. Re1 a6 6. Bxc6 Nxc6 7. d4 cxd4 8.
Nxd4 Be7 9. Nxc6 dxc6 10. Qg4 O-O 11. Bh6 Qd4 12. Qg3 Qf6 13. Bf4 b5 14. Nd2
Bb7 15. Rad1 c5 16. Nf3 Bd8 17. Bd6 Re8 18. Bxc5 Rc8 19. Bd4 Qg6 20. Qxg6 hxg6
21. c3 f5 22. Ne5 Bxe4 23. Nxg6 Bc7 24. Be5 Kh7 25. Rd7 Rg8 26. Bxc7 Kxg6 27.
Re3 Kf6 28. f4 g5 29. Be5+ Kg6 30. Rg3 g4 31. h3 Rcd8 32. Rxd8 Rxd8 33. Bd4 b4
34. hxg4 fxg4 35. Rxg4+ Kf5 36. Rg7 bxc3 37. Rf7+ Kg4 38. Bxc3 Rd1+ 39. Kf2 Bd5
40. a3 e5 41. Rg7+ Kxf4 42. g3+ Kf5 43. Rh7 e4 44. Rh5+ Kg4 45. Rh4+ Kg5 46.
Ke2 Rd3 47. Bd2+ Kf5 48. g4+ Ke5 49. Be3 Rb3 50. Rh5+ 1/2-1/2

[Event "Skakliga 2007-08"]
[Site "Denmark"]
[Date "2008.02.03"]
[Round "6.4"]
[White "Strandby, Martin"]
[Black "Rasmussen, Casper Dahl"]
[Result "0-1"]
[WhiteElo "2072"]
[BlackElo "2368"]
[PlyCount "84"]
[EventDate "2007.11.10"]
[EventType "team-tourn"]
[EventRounds "9"]
[EventCountry "DEN"]
[Source "ChessBase"]
[SourceDate "2003.11.25"]
[WhiteTeam "Sydostfyn"]
[BlackTeam "Aarhus/Skolerne"]
[WhiteTeamCountry "DEN"]
[BlackTeamCountry "DEN"]

1. d4 d5 2. c4 c6 3. Nc3 dxc4 4. a4 e5 5. Nf3 exd4 6. Qxd4 Qxd4 7. Nxd4 Bc5 8.
Nc2 Nf6 9. f3 Be6 10. e4 Na6 11. Be3 O-O-O 12. Bxc5 Nxc5 13. Ne3 Rd4 14. Nc2
Rd7 15. Ne3 Nd3+ 16. Bxd3 Rxd3 17. Ke2 Nd7 18. Rad1 Nc5 19. f4 f6 20. h3 Re8
21. Rxd3 Nxd3 22. f5 Bf7 23. b3 Ne5 24. b4 Nd3 25. b5 Kc7 26. Rb1 Nc5 27. Kf3
Rd8 28. Rd1 Rd3 29. Rxd3 Nxd3 30. g4 Kd6 31. h4 Kc5 32. bxc6 bxc6 33. Nc2 Nb4
34. Ne3 Nd3 35. Nc2 Nb4 36. Ne3 Kd4 37. Ned1 Kd3 38. Kf4 a5 39. h5 h6 40. e5
Nd5+ 41. Nxd5 cxd5 42. e6 Be8 0-1

[Event "Skakliga 2007-08"]
[Site "Denmark"]
[Date "2008.02.03"]
[Round "6.5"]
[White "Boe, Mads"]
[Black "Nohr, Finn"]
[Result "1-0"]
[WhiteElo "2355"]
[BlackElo "2058"]
[PlyCount "73"]
[EventDate "2007.11.10"]
[EventType "team-tourn"]
[EventRounds "9"]
[EventCountry "DEN"]
[Source "ChessBase"]
[SourceDate "2003.11.25"]
[WhiteTeam "Aarhus/Skolerne"]
[BlackTeam "Sydostfyn"]
[WhiteTeamCountry "DEN"]
[BlackTeamCountry "DEN"]

1. e4 e5 2. Nf3 Nc6 3. d4 exd4 4. Nxd4 Bc5 5. Nb3 Bb4+ 6. c3 Be7 7. Bf4 d6 8.
N1d2 Nf6 9. Be2 O-O 10. O-O Ne5 11. Bg3 Bd7 12. Nd4 Re8 13. f4 Neg4 14. Nc2 Qc8
15. h3 Nh6 16. Kh2 Bc6 17. Bf3 Bf8 18. Re1 b6 19. Bh4 Qb7 20. Bxf6 gxf6 21. Nb4
Rad8 22. c4 Bg7 23. Qc2 Bd7 24. Nf1 Qc8 25. g4 Kh8 26. Ng3 Ng8 27. Nh5 Bh6 28.
Qc3 Re6 29. Rg1 Bg7 30. g5 Rde8 31. Rae1 c6 32. Nc2 Qc7 33. Nd4 h6 34. Nxe6
Bxe6 35. gxf6 Bf8 36. Bd1 Qd8 37. Qg3 1-0

[Event "Skakliga 2007-08"]
[Site "Denmark"]
[Date "2008.02.03"]
[Round "6.6"]
[White "Mikkelsen, Jakob"]
[Black "Jacobsen, Bo"]
[Result "0-1"]
[WhiteElo "2009"]
[BlackElo "2317"]
[PlyCount "86"]
[EventDate "2007.11.10"]
[EventType "team-tourn"]
[EventRounds "9"]
[EventCountry "DEN"]
[Source "ChessBase"]
[SourceDate "2003.11.25"]
[WhiteTeam "Sydostfyn"]
[BlackTeam "Aarhus/Skolerne"]
[WhiteTeamCountry "DEN"]
[BlackTeamCountry "DEN"]

1. e4 g6 2. d4 Bg7 3. Nc3 c6 4. Be3 b5 5. Bd3 d6 6. Nf3 Nd7 7. a4 b4 8. Nb1
Ngf6 9. h3 O-O 10. O-O e5 11. dxe5 dxe5 12. Nbd2 Qe7 13. Nb3 a5 14. Qe2 Nh5 15.
g3 Kh8 16. Nfd2 Qe8 17. Nc4 f5 18. Nd6 Qe6 19. Nxf5 gxf5 20. Qxh5 f4 21. gxf4
exf4 22. Bd4 Bxd4 23. Nxd4 Qe5 24. Qxe5+ Nxe5 25. Kh2 c5 26. Nf5 c4 27. Be2 f3
28. Bd1 Bxf5 29. exf5 Rxf5 30. c3 b3 31. Ra3 Rg8 32. Rg1 Rfg5 33. Rxg5 Rxg5 34.
Kh1 Kg7 35. Ra1 Kf6 36. Ra3 Rg7 37. Ra1 Kf5 38. Rb1 Kf4 39. h4 h5 40. Kh2 Rg2+
41. Kh3 Ng4 42. Bxf3 Kxf3 43. Rf1 Rh2# 0-1

[Event "Skakliga 2007-08"]
[Site "Denmark"]
[Date "2008.02.03"]
[Round "6.7"]
[White "Pedersen, Finn"]
[Black "Nielsen, Niels Peter"]
[Result "1-0"]
[WhiteElo "2262"]
[BlackElo "2047"]
[PlyCount "129"]
[EventDate "2007.11.10"]
[EventType "team-tourn"]
[EventRounds "9"]
[EventCountry "DEN"]
[Source "ChessBase"]
[SourceDate "2003.11.25"]
[WhiteTeam "Aarhus/Skolerne"]
[BlackTeam "Sydostfyn"]
[WhiteTeamCountry "DEN"]
[BlackTeamCountry "DEN"]

1. e4 e5 2. Nf3 Nc6 3. Bc4 Nf6 4. d3 Be7 5. Bg5 O-O 6. Nbd2 d6 7. h3 Na5 8. O-O
Nxc4 9. Nxc4 Be6 10. Ne3 Nd7 11. Bxe7 Qxe7 12. d4 exd4 13. Nxd4 Nb6 14. Qd3
Rfe8 15. Rae1 Qg5 16. f4 Qc5 17. b3 Bd7 18. Kh2 g6 19. c4 a5 20. Nf3 f5 21.
exf5 Bxf5 22. Nxf5 Qxf5 23. Qxf5 gxf5 24. Nd4 Rxe1 25. Rxe1 Rf8 26. Re7 Rf7 27.
Re8+ Rf8 28. Rxf8+ Kxf8 29. Ne6+ Kf7 30. Nxc7 a4 31. Nd5 axb3 32. axb3 Nd7 33.
b4 Nb8 34. Kg3 Nc6 35. Kf3 b5 36. Ke3 bxc4 37. b5 Na5 38. Kd4 Ke6 39. Ne3 h5
40. Nxc4 Nb3+ 41. Kc3 Nc5 42. Ne3 d5 43. Nc2 Kd6 44. Nd4 Kc7 45. Nxf5 Ne6 46.
g3 Kb6 47. Nd4 Nc5 48. g4 Ne4+ 49. Kb4 hxg4 50. hxg4 Nf2 51. g5 Nd3+ 52. Kc3
Nxf4 53. Kd2 Kc5 54. Ke3 Ng6 55. Kd3 Ne5+ 56. Kc3 Ng6 57. Kb3 Ne7 58. Nc6 Ng6
59. Ka4 Kb6 60. Kb4 Nf4 61. Ne5 Ne6 62. g6 Kc7 63. Nd3 d4 64. Kc4 Kb6 65. Nf4
1-0

[Event "Skakliga 2007-08"]
[Site "Denmark"]
[Date "2008.02.03"]
[Round "6.8"]
[White "Munk, Kris"]
[Black "Rendboe, John Filip"]
[Result "1/2-1/2"]
[WhiteElo "1900"]
[BlackElo "2251"]
[PlyCount "45"]
[EventDate "2007.11.10"]
[EventType "team-tourn"]
[EventRounds "9"]
[EventCountry "DEN"]
[Source "ChessBase"]
[SourceDate "2003.11.25"]
[WhiteTeam "Sydostfyn"]
[BlackTeam "Aarhus/Skolerne"]
[WhiteTeamCountry "DEN"]
[BlackTeamCountry "DEN"]

1. e4 c5 2. Nf3 Nc6 3. c3 d5 4. exd5 Qxd5 5. d4 e6 6. Be2 Nf6 7. O-O Be7 8. Be3
cxd4 9. cxd4 O-O 10. Nc3 Qd6 11. Rc1 a6 12. a3 b5 13. Ng5 Na5 14. b4 Nc4 15.
Bxc4 bxc4 16. d5 Nxd5 17. Nxd5 Qxd5 18. Qg4 Bb7 19. Rfd1 Qb5 20. Qxc4 Bxg5 21.
Qxb5 axb5 22. Bxg5 Rxa3 23. Rc5 1/2-1/2

[Event "Skakliga 2007-08"]
[Site "Denmark"]
[Date "2008.02.03"]
[Round "6.1"]
[White "Nielsen, Peter Heine"]
[Black "Hillarp Persson, Tiger"]
[Result "1/2-1/2"]
[WhiteElo "2628"]
[BlackElo "2568"]
[PlyCount "50"]
[EventDate "2007.11.10"]
[EventType "team-tourn"]
[EventRounds "9"]
[EventCountry "DEN"]
[Source "ChessBase"]
[SourceDate "2003.11.25"]
[WhiteTeam "Helsinge"]
[BlackTeam "Bronshoj"]
[WhiteTeamCountry "DEN"]
[BlackTeamCountry "DEN"]

1. d4 d5 2. c4 c6 3. Nf3 e6 4. Qc2 f5 5. Bf4 Nf6 6. e3 Be7 7. Nc3 O-O 8. Bd3
Ne4 9. g4 Na6 10. a3 Nxc3 11. bxc3 Nc7 12. Rg1 dxc4 13. Bxc4 Nd5 14. Be5 Rf7
15. h4 Qa5 16. gxf5 exf5 17. Ng5 Bxg5 18. Rxg5 Be6 19. Kd2 Re8 20. Rag1 Ree7
21. a4 b5 22. axb5 cxb5 23. Bxd5 Bxd5 24. Qb2 Bc4 25. f4 Rb7 1/2-1/2

[Event "Skakliga 2007-08"]
[Site "Denmark"]
[Date "2008.02.03"]
[Round "6.2"]
[White "Pilgaard, Kim"]
[Black "Berg, Emanuel"]
[Result "1-0"]
[WhiteElo "2453"]
[BlackElo "2580"]
[PlyCount "71"]
[EventDate "2007.11.10"]
[EventType "team-tourn"]
[EventRounds "9"]
[EventCountry "DEN"]
[Source "ChessBase"]
[SourceDate "2003.11.25"]
[WhiteTeam "Bronshoj"]
[BlackTeam "Helsinge"]
[WhiteTeamCountry "DEN"]
[BlackTeamCountry "DEN"]

1. e4 c5 2. Nf3 Nc6 3. d4 cxd4 4. Nxd4 Nf6 5. Nc3 e5 6. Ndb5 d6 7. Bg5 a6 8.
Na3 b5 9. Bxf6 gxf6 10. Nd5 f5 11. Bd3 Be6 12. O-O Bg7 13. Qh5 f4 14. c4 O-O
15. cxb5 Nd4 16. bxa6 Bxd5 17. exd5 f5 18. Nb5 e4 19. Nxd4 Bxd4 20. Bb5 Ra7 21.
a4 Rg7 22. Kh1 Qf6 23. Ra3 Rg5 24. Qd1 f3 25. gxf3 f4 26. Bd7 Kh8 27. fxe4 Rfg8
28. Be6 R8g7 29. Rb3 Ba7 30. Rc3 Bc5 31. Qf3 Qg6 32. Rcc1 h5 33. b4 Bxf2 34. h4
Rg3 35. Qxf4 Qxe6 36. dxe6 1-0

[Event "Skakliga 2007-08"]
[Site "Denmark"]
[Date "2008.02.03"]
[Round "6.3"]
[White "Schandorff, Lars"]
[Black "Hoi, Carsten"]
[Result "1/2-1/2"]
[WhiteElo "2525"]
[BlackElo "2409"]
[PlyCount "121"]
[EventDate "2007.11.10"]
[EventType "team-tourn"]
[EventRounds "9"]
[EventCountry "DEN"]
[Source "ChessBase"]
[SourceDate "2003.11.25"]
[WhiteTeam "Helsinge"]
[BlackTeam "Bronshoj"]
[WhiteTeamCountry "DEN"]
[BlackTeamCountry "DEN"]

1. d4 Nf6 2. c4 g6 3. Nf3 Bg7 4. g3 O-O 5. Bg2 d6 6. Nc3 Nc6 7. O-O e5 8. d5
Ne7 9. e4 Nd7 10. Ne1 b6 11. Nd3 Nc5 12. f4 exf4 13. Bxf4 h6 14. Nxc5 bxc5 15.
h4 Rb8 16. Qd2 Kh7 17. Rae1 f6 18. Qc2 h5 19. b3 Bd7 20. Nd1 Ng8 21. Nf2 Nh6
22. Bd2 Ng4 23. Nxg4 Bxg4 24. Bc3 Qe7 25. Bf3 Bxf3 26. Rxf3 Rbe8 27. Kg2 Rf7
28. a3 Qd7 29. Ref1 Ref8 30. Rf4 f5 31. exf5 Rxf5 32. Rxf5 Rxf5 33. Rxf5 gxf5
34. Bxg7 Kxg7 35. Qc3+ Kg6 36. Qe3 Qd8 37. b4 cxb4 38. axb4 a6 39. Kh3 Qf6 40.
Qe8+ Kh6 41. Qc8 Qf7 42. Qxa6 Qg6 43. Qa2 f4 44. Qf2 Qf5+ 45. Kg2 Qe4+ 46. Qf3
Qc2+ 47. Kg1 fxg3 48. Qf8+ Kh7 49. Qe7+ Kg6 50. Qg5+ Kh7 51. Qxh5+ Kg7 52. Qg5+
Kh7 53. Qe7+ Kg6 54. Qg5+ Kh7 55. Qxg3 Qxc4 56. Qg5 Qxb4 57. h5 Qe1+ 58. Kg2
Qe2+ 59. Kg3 Qd3+ 60. Kf2 Qd4+ 61. Kf3 1/2-1/2

[Event "Skakliga 2007-08"]
[Site "Denmark"]
[Date "2008.02.03"]
[Round "6.4"]
[White "Bromann, Thorbjorn"]
[Black "Hutters, Tomas"]
[Result "1-0"]
[WhiteElo "2430"]
[BlackElo "2437"]
[PlyCount "69"]
[EventDate "2007.11.10"]
[EventType "team-tourn"]
[EventRounds "9"]
[EventCountry "DEN"]
[Source "ChessBase"]
[SourceDate "2003.11.25"]
[WhiteTeam "Bronshoj"]
[BlackTeam "Helsinge"]
[WhiteTeamCountry "DEN"]
[BlackTeamCountry "DEN"]

1. d4 Nf6 2. Nc3 d5 3. Bg5 Nbd7 4. Nf3 e6 5. e4 h6 6. Bh4 g5 7. Bg3 Nxe4 8.
Nxe4 dxe4 9. Nd2 Bg7 10. h4 Bxd4 11. Nxe4 Nf6 12. Nd6+ cxd6 13. Qxd4 e5 14. Qb4
Qb6 15. Qxb6 axb6 16. hxg5 Ne4 17. Rxh6 Rxh6 18. gxh6 Bf5 19. Bh4 Kd7 20. O-O-O
Rc8 21. Bd3 d5 22. g4 Bg6 23. f3 Nd6 24. Bxg6 fxg6 25. Rxd5 Rh8 26. Bf6 Rxh6
27. Bxe5 Ke6 28. Rxd6+ Kxe5 29. Rxb6 Kf4 30. Rf6+ Ke5 31. g5 Rh1+ 32. Kd2 Rf1
33. Kc3 b5 34. Kb3 Re1 35. Rxg6 1-0

[Event "Skakliga 2007-08"]
[Site "Denmark"]
[Date "2008.02.03"]
[Round "6.6"]
[White "Carstensen, Jacob"]
[Black "Bekker Jensen, Simon"]
[Result "1-0"]
[WhiteElo "2300"]
[BlackElo "2389"]
[PlyCount "51"]
[EventDate "2007.11.10"]
[EventType "team-tourn"]
[EventRounds "9"]
[EventCountry "DEN"]
[Source "ChessBase"]
[SourceDate "2003.11.25"]
[WhiteTeam "Bronshoj"]
[BlackTeam "Helsinge"]
[WhiteTeamCountry "DEN"]
[BlackTeamCountry "DEN"]

1. d4 Nf6 2. c4 g6 3. Nc3 Bg7 4. e4 d6 5. Nf3 O-O 6. Be2 Na6 7. O-O e5 8. Be3
Ng4 9. Bg5 Qe8 10. dxe5 h6 11. Bh4 Nxe5 12. Nd4 Be6 13. Nd5 g5 14. Bg3 Nc6 15.
Nf5 Bxf5 16. exf5 Bxb2 17. Rb1 Bd4 18. Re1 f6 19. Rxb7 Qd7 20. c5 Qxf5 21. Qb3
Kh8 22. Bxa6 Na5 23. Bd3 Rae8 24. Rxe8 Rxe8 25. Rb8 Qe6 26. Qb5 1-0

[Event "Skakliga 2007-08"]
[Site "Denmark"]
[Date "2008.02.03"]
[Round "6.7"]
[White "Bekker Jensen, David"]
[Black "Palm, Nikolaj"]
[Result "1/2-1/2"]
[WhiteElo "2320"]
[BlackElo "2260"]
[PlyCount "53"]
[EventDate "2007.11.10"]
[EventType "team-tourn"]
[EventRounds "9"]
[EventCountry "DEN"]
[Source "ChessBase"]
[SourceDate "2003.11.25"]
[WhiteTeam "Helsinge"]
[BlackTeam "Bronshoj"]
[WhiteTeamCountry "DEN"]
[BlackTeamCountry "DEN"]

1. d4 d5 2. c4 e6 3. Nc3 c6 4. e3 Bd6 5. Qc2 f5 6. Bd3 Nf6 7. cxd5 cxd5 8. Nb5
Bb4+ 9. Bd2 Bxd2+ 10. Qxd2 Nc6 11. Nf3 Ne4 12. Qe2 Qa5+ 13. Nd2 Nb4 14. Nc3
Nxd3+ 15. Qxd3 Bd7 16. Ndxe4 fxe4 17. Qe2 O-O 18. O-O b5 19. a3 b4 20. axb4
Qxb4 21. f3 exf3 22. Rxf3 Rxf3 23. Qxf3 Rf8 24. Qe2 a5 25. Rf1 Rxf1+ 26. Kxf1
a4 27. Qc2 1/2-1/2

[Event "Skakliga 2007-08"]
[Site "Denmark"]
[Date "2008.02.03"]
[Round "6.8"]
[White "Aabling Thomsen, Jakob"]
[Black "Bjorntoft, Peter"]
[Result "1/2-1/2"]
[WhiteElo "2269"]
[BlackElo "2118"]
[PlyCount "56"]
[EventDate "2007.11.10"]
[EventType "team-tourn"]
[EventRounds "9"]
[EventCountry "DEN"]
[Source "ChessBase"]
[SourceDate "2003.11.25"]
[WhiteTeam "Bronshoj"]
[BlackTeam "Helsinge"]
[WhiteTeamCountry "DEN"]
[BlackTeamCountry "DEN"]

1. e4 c5 2. Nf3 e6 3. d4 cxd4 4. Nxd4 Nf6 5. Nc3 Nc6 6. Ndb5 Bb4 7. a3 Bxc3+ 8.
Nxc3 d5 9. exd5 exd5 10. Bd3 d4 11. Ne2 O-O 12. O-O h6 13. Ng3 Bg4 14. Qd2 Nd5
15. h3 Be6 16. Rd1 Qh4 17. Bf5 Rac8 18. Qe2 Bxf5 19. Nxf5 Qf6 20. Qh5 Nde7 21.
Ng3 Ne5 22. Ne4 Qf5 23. Qxf5 Nxf5 24. c3 dxc3 25. Nxc3 Rfd8 26. Nd5 Kf8 27. Bf4
Nc6 28. Nc3 Nfd4 1/2-1/2

[Event "Skakliga 2007-08"]
[Site "Denmark"]
[Date "2008.02.03"]
[Round "6.1"]
[White "Kulaots, Kaido"]
[Black "Hansen, Sune Berg"]
[Result "1/2-1/2"]
[WhiteElo "2547"]
[BlackElo "2567"]
[PlyCount "32"]
[EventDate "2007.11.10"]
[EventType "team-tourn"]
[EventRounds "9"]
[EventCountry "DEN"]
[Source "ChessBase"]
[SourceDate "2003.11.25"]
[WhiteTeam "Aalborg"]
[BlackTeam "Helsingor"]
[WhiteTeamCountry "DEN"]
[BlackTeamCountry "DEN"]

1. d4 d5 2. c4 c6 3. Nf3 Nf6 4. Nc3 e6 5. e3 Nbd7 6. Bd3 dxc4 7. Bxc4 b5 8. Be2
Bb7 9. O-O a6 10. e4 c5 11. e5 Nd5 12. Ne4 cxd4 13. a4 b4 14. Bg5 Qa5 15. Qxd4
h6 16. Bd2 Qb6 1/2-1/2

[Event "Skakliga 2007-08"]
[Site "Denmark"]
[Date "2008.02.03"]
[Round "6.2"]
[White "Mortensen, Erling"]
[Black "Pedersen, Nicolai Vesterbaek"]
[Result "1-0"]
[WhiteElo "2454"]
[BlackElo "2454"]
[PlyCount "63"]
[EventDate "2007.11.10"]
[EventType "team-tourn"]
[EventRounds "9"]
[EventCountry "DEN"]
[Source "ChessBase"]
[SourceDate "2003.11.25"]
[WhiteTeam "Helsingor"]
[BlackTeam "Aalborg"]
[WhiteTeamCountry "DEN"]
[BlackTeamCountry "DEN"]

1. e4 c5 2. Nf3 d6 3. d4 cxd4 4. Nxd4 Nf6 5. Nc3 a6 6. Be2 e5 7. Nb3 Be7 8. Be3
Be6 9. Qd2 O-O 10. O-O-O a5 11. a4 Nc6 12. f4 exf4 13. Bxf4 Qb6 14. Bb5 Na7 15.
Qd4 Qxd4 16. Nxd4 Rfd8 17. Nxe6 fxe6 18. Bc4 Kf7 19. e5 dxe5 20. Bxe5 Rac8 21.
Rxd8 Bxd8 22. b3 Bc7 23. Re1 Bxe5 24. Rxe5 Rc6 25. Rxa5 Nc8 26. Nb5 Nb6 27. Bd3
e5 28. Ra7 e4 29. Be2 Nbd5 30. Rxb7+ Kg6 31. g3 Nb4 32. Nd4 1-0

[Event "Skakliga 2007-08"]
[Site "Denmark"]
[Date "2008.02.03"]
[Round "6.3"]
[White "Pedersen, Daniel V"]
[Black "Nielsen, Nicholas Roland"]
[Result "1-0"]
[WhiteElo "2235"]
[BlackElo "2219"]
[PlyCount "87"]
[EventDate "2007.11.10"]
[EventType "team-tourn"]
[EventRounds "9"]
[EventCountry "DEN"]
[Source "ChessBase"]
[SourceDate "2003.11.25"]
[WhiteTeam "Aalborg"]
[BlackTeam "Helsingor"]
[WhiteTeamCountry "DEN"]
[BlackTeamCountry "DEN"]

1. e4 c5 2. c3 Nf6 3. e5 Nd5 4. d4 cxd4 5. Nf3 e6 6. cxd4 b6 7. Bd3 Bb4+ 8. Bd2
Bxd2+ 9. Qxd2 Ba6 10. Be4 Nc6 11. Bxd5 exd5 12. Nc3 Nb4 13. Nb5 Nc2+ 14. Qxc2
Bxb5 15. Qb3 Bc4 16. Qa3 Qe7 17. Qxe7+ Kxe7 18. Kd2 Rac8 19. b3 Ba6 20. Nh4 g6
21. g3 Rc7 22. Rac1 Rhc8 23. Rxc7 Rxc7 24. Ng2 d6 25. Re1 Rc8 26. h4 h5 27. e6
fxe6 28. Nf4 e5 29. dxe5 dxe5 30. Rxe5+ Kf7 31. Rxd5 Rc6 32. Rd7+ Kf6 33. Rxa7
Bc8 34. Ra4 Rd6+ 35. Ke3 Bf5 36. Rb4 Bb1 37. Rxb6 Rxb6 38. Nd5+ Ke6 39. Nxb6
Bxa2 40. b4 Kd6 41. Kd4 Kc6 42. Na4 Bf7 43. Nc3 Be8 44. b5+ 1-0

[Event "Skakliga 2007-08"]
[Site "Denmark"]
[Date "2008.02.03"]
[Round "6.4"]
[White "Jorgensen, Michael"]
[Black "Hellegaard, Carsten"]
[Result "1-0"]
[WhiteElo "2217"]
[BlackElo "2242"]
[PlyCount "78"]
[EventDate "2007.11.10"]
[EventType "team-tourn"]
[EventRounds "9"]
[EventCountry "DEN"]
[Source "ChessBase"]
[SourceDate "2003.11.25"]
[WhiteTeam "Helsingor"]
[BlackTeam "Aalborg"]
[WhiteTeamCountry "DEN"]
[BlackTeamCountry "DEN"]

1. d4 d5 2. c4 c6 3. Nf3 e6 4. e3 Nf6 5. Nc3 Nbd7 6. Qc2 Bd6 7. Be2 O-O 8. b3
b6 9. Bb2 Bb7 10. O-O Rc8 11. Rad1 Qe7 12. e4 dxe4 13. Nxe4 Bb8 14. Rfe1 c5 15.
Ng3 cxd4 16. Nxd4 Rfd8 17. Bf1 Qc5 18. Qe2 Qg5 19. Nf3 Qg4 20. Rd4 Bxf3 21.
gxf3 Qg5 22. Red1 Bc7 23. Bg2 Nc5 24. Rxd8+ Rxd8 25. Rxd8+ Bxd8 26. Qe5 Qxe5
27. Bxe5 Nd3 28. Bb8 a5 29. a3 Be7 30. Bc7 Nd7 31. f4 Bc5 32. Bc6 Nf6 33. Kf1
h5 34. f3 Bxa3 35. Bxb6 Bb4 36. Ne2 Nc5 37. Nd4 h4 38. Ba4 Nxa4 39. bxa4 Bd6
1-0

[Event "Skakliga 2007-08"]
[Site "Denmark"]
[Date "2008.02.03"]
[Round "6.5"]
[White "Larsen, Ole Bogh"]
[Black "Nielsen, Steffen Slumstrup"]
[Result "1/2-1/2"]
[WhiteElo "2235"]
[BlackElo "2226"]
[PlyCount "31"]
[EventDate "2007.11.10"]
[EventType "team-tourn"]
[EventRounds "9"]
[EventCountry "DEN"]
[Source "ChessBase"]
[SourceDate "2003.11.25"]
[WhiteTeam "Helsingor"]
[BlackTeam "Aalborg"]
[WhiteTeamCountry "DEN"]
[BlackTeamCountry "DEN"]

1. e4 e5 2. Nf3 Nc6 3. Nc3 Nf6 4. d4 exd4 5. Nd5 Be7 6. Bc4 d6 7. Nxd4 Nxd4 8.
Qxd4 Nxd5 9. Bxd5 O-O 10. O-O Bf6 11. Qd3 Qe7 12. c3 Re8 13. Bd2 c6 14. Bb3 Be6
15. Bc2 g6 16. Rfe1 1/2-1/2

[Event "Skakliga 2007-08"]
[Site "Denmark"]
[Date "2008.02.03"]
[Round "6.6"]
[White "Fagerstrom, Bjorn"]
[Black "Meyer, Lars August"]
[Result "0-1"]
[WhiteElo "2159"]
[BlackElo "2222"]
[PlyCount "68"]
[EventDate "2007.11.10"]
[EventType "team-tourn"]
[EventRounds "9"]
[EventCountry "DEN"]
[Source "ChessBase"]
[SourceDate "2003.11.25"]
[WhiteTeam "Helsingor"]
[BlackTeam "Aalborg"]
[WhiteTeamCountry "DEN"]
[BlackTeamCountry "DEN"]

1. d4 Nf6 2. Bg5 Ne4 3. Bf4 d5 4. e3 c6 5. Nd2 Nxd2 6. Qxd2 Bf5 7. Nf3 e6 8.
Be2 Bd6 9. Bxd6 Qxd6 10. O-O Nd7 11. c4 h6 12. cxd5 exd5 13. Bd3 Bg4 14. Ne1
O-O 15. f3 Bh5 16. Nc2 Rfe8 17. Rae1 Bg6 18. e4 dxe4 19. fxe4 Rad8 20. Re3 c5
21. d5 c4 22. Bxc4 Rxe4 23. Rxe4 Bxe4 24. Ne3 Qc5 25. Rd1 Nf6 26. Qd4 Qxd4 27.
Rxd4 Kf8 28. Bb3 Ke7 29. d6+ Rxd6 30. Rxd6 Kxd6 31. Bxf7 Ke5 32. Kf2 Kd4 33.
Ke2 Bd3+ 34. Kf2 Ne4+ 0-1

[Event "Skakliga 2007-08"]
[Site "Denmark"]
[Date "2008.02.03"]
[Round "6.7"]
[White "Hjorth, Torben"]
[Black "Vinther Juul, Kristian"]
[Result "1-0"]
[WhiteElo "2151"]
[BlackElo "2127"]
[PlyCount "51"]
[EventDate "2007.11.10"]
[EventType "team-tourn"]
[EventRounds "9"]
[EventCountry "DEN"]
[Source "ChessBase"]
[SourceDate "2003.11.25"]
[WhiteTeam "Aalborg"]
[BlackTeam "Helsingor"]
[WhiteTeamCountry "DEN"]
[BlackTeamCountry "DEN"]

1. e4 e6 2. d4 d5 3. Nc3 Nf6 4. Bg5 Be7 5. e5 Nfd7 6. Bxe7 Qxe7 7. f4 O-O 8.
Nf3 c5 9. Qd2 Nc6 10. dxc5 Nxc5 11. Bd3 f6 12. exf6 Qxf6 13. g3 Bd7 14. O-O Be8
15. Rae1 Rd8 16. Ne5 Bg6 17. Bxg6 hxg6 18. a3 d4 19. Ne4 Nxe4 20. Rxe4 g5 21.
Nxc6 bxc6 22. Qe2 gxf4 23. Rfxf4 Qg5 24. Re5 Rf5 25. Rexf5 exf5 26. Qe6+ 1-0

[Event "Skakliga 2007-08"]
[Site "Denmark"]
[Date "2008.02.03"]
[Round "6.8"]
[White "Dalsberg, Sandra de Blecourt"]
[Black "Nielsen, Jorgen G"]
[Result "1/2-1/2"]
[WhiteElo "2052"]
[BlackElo "2149"]
[PlyCount "27"]
[EventDate "2007.11.10"]
[EventType "team-tourn"]
[EventRounds "9"]
[EventCountry "DEN"]
[Source "ChessBase"]
[SourceDate "2003.11.25"]
[WhiteTeam "Helsingor"]
[BlackTeam "Aalborg"]
[WhiteTeamCountry "DEN"]
[BlackTeamCountry "DEN"]

1. d4 Nf6 2. c4 e6 3. Nc3 Bb4 4. e3 c5 5. Nge2 cxd4 6. exd4 d5 7. c5 Ne4 8. Qc2
Nc6 9. Be3 e5 10. a3 Qa5 11. O-O-O Nxc3 12. Nxc3 Bxc3 13. Qxc3 Qxc3+ 14. bxc3
1/2-1/2

[Event "Skakliga 2007-08"]
[Site "Denmark"]
[Date "2008.03.02"]
[Round "7.1"]
[White "Hector, Jonny"]
[Black "Pedersen, Nicolai Vesterbaek"]
[Result "1-0"]
[WhiteElo "2550"]
[BlackElo "2454"]
[PlyCount "39"]
[EventDate "2007.11.10"]
[EventType "team-tourn"]
[EventRounds "9"]
[EventCountry "DEN"]
[Source "ChessBase"]
[SourceDate "2003.11.25"]
[WhiteTeam "Nordkalotten"]
[BlackTeam "Aalborg"]
[WhiteTeamCountry "DEN"]
[BlackTeamCountry "DEN"]

1. d4 Nf6 2. Nc3 d5 3. Bg5 c5 4. Bxf6 gxf6 5. e3 Nc6 6. Qh5 cxd4 7. exd4 e6 8.
Nf3 Bb4 9. Bd3 Bd7 10. O-O Bxc3 11. bxc3 Na5 12. Rfe1 Qe7 13. Nh4 O-O-O 14.
Rab1 Bc6 15. Nf5 Qa3 16. Nh6 Rdf8 17. Qh4 f5 18. Qf6 Qxc3 19. Nxf7 Bd7 20. Rxe6
1-0

[Event "Skakliga 2007-08"]
[Site "Denmark"]
[Date "2008.03.02"]
[Round "7.2"]
[White "Pedersen, Erik"]
[Black "Brynell, Stellan"]
[Result "1/2-1/2"]
[WhiteElo "2416"]
[BlackElo "2452"]
[PlyCount "38"]
[EventDate "2007.11.10"]
[EventType "team-tourn"]
[EventRounds "9"]
[EventCountry "DEN"]
[Source "ChessBase"]
[SourceDate "2003.11.25"]
[WhiteTeam "Aalborg"]
[BlackTeam "Nordkalotten"]
[WhiteTeamCountry "DEN"]
[BlackTeamCountry "DEN"]

1. d4 d5 2. Nf3 Nf6 3. e3 Bg4 4. h3 Bh5 5. g4 Bg6 6. Ne5 Nfd7 7. Nxg6 hxg6 8.
c4 c6 9. Nc3 e6 10. Qb3 Qb6 11. Bd2 Be7 12. O-O-O Qxb3 13. axb3 Na6 14. e4 dxe4
15. Nxe4 Nf6 16. Bg2 Nxe4 17. Bxe4 O-O-O 18. Be3 g5 19. f4 gxf4 1/2-1/2